Score 0/10 Timer 03:00
1 Play Today
Question Answer Wrong Answers
To cease to be visible;
To vanish
Disappear
99.2%
Dislocate
0.2%
Discourse
0.3%
Discharge
0.3%
A follower or pupil of a teacher,
religious leader, or philosopher
Disciple
93.9%
Discourse
0.4%
Discus
0.4%
Discographer
0.5%
A style of popular music for dancing
during the mid-1970s & early 1980s
Disco
93.7%
Discus
0.5%
Disillusionment
0.3%
Discourse
0.2%
To recognize or find out;
To know or perceive
Discern
91.7%
Disparage
3%
Discourse
2.7%
Disgorge
1.8%
To eject or vomit from the throat, mouth, or stomach;
To throw out forcefully
Disgorge
86.5%
Dismember
1.2%
Disdain
1.2%
Distend
6.7%
Written or spoken communication or debate;
Talk or conversation
Discourse
85.4%
Distemper
0.8%
Discord
11.4%
Discipline
1.1%
Causing a mood of gloom or depression;
Pitifully or disgracefully bad
Dismal
84.5%
Disco
0.2%
Disenchanted
11.5%
Distended
1.5%
To regard as being of little worth;
To depreciate or belittle
Disparage
83.8%
Dislocate
0.8%
Disenchant
7.1%
Disuse
3.3%
A person who opposes official policy,
especially that of an authoritarian state
Dissident
82.4%
Dissonant
11.4%
Disciple
2.6%
Disgusting
0.4%
An often fatal and highly contagious
canine viral disease
Distemper
71.6%
Disgorgement
20.4%
Disenchantment
1.6%
Discernment
2.5%
Remove Ads.
Support Sporcle.
Get the best of Sporcle when you Go Orange. This ad-free experience offers more features, more stats, and more fun while also helping to support Sporcle. Thank you for becoming a member.

You're not logged in!

Compare scores with friends on all Sporcle quizzes.
OR
Log In

Show Comments

Extras

Top Quizzes Today


Score Distribution

Your Account Isn't Verified!

In order to create a playlist on Sporcle, you need to verify the email address you used during registration. Go to your Sporcle Settings to finish the process.

Report this User

Report this user for behavior that violates our Community Guidelines.

Details: